| 000 | 01057nam a22003257a 4500 | ||
|---|---|---|---|
| 003 | CHAP | ||
| 005 | 20220329141431.0 | ||
| 008 | 971013s r 00010 d | ||
| 010 | _a68059 | ||
| 011 | _a69031 | ||
| 035 | _a78505 | ||
| 040 | _cCHAP | ||
| 082 |
_a614.31 _bH4 |
||
| 100 | 0 | 0 |
_aHidalgo Peraza, José R. _955201 |
| 245 | _aManual práctico inspección de carne, pescados y mariscos | ||
| 260 |
_aLa Habana : _bInstituto Superior de Ciencias Agropecuarias, _c[198?] |
||
| 300 | _a197 p. | ||
| 500 | _a26-191 | ||
| 590 |
_aBATCH-UPD _b10 _c20130110 _lUCH01 _h0257 |
||
| 590 |
_aBATCH-UPD _b10 _c20130110 _lUCH01 _h1639 |
||
| 590 |
_aBATCH-UPD _b10 _c20130409 _lUCH01 _h2329 |
||
| 590 |
_aBATCH-UPD _b10 _c20130410 _lUCH01 _h1343 |
||
| 590 |
_aBATCH-UPD _b10 _c20130914 _lUCH01 _h0847 |
||
| 590 |
_aCONVERSION _b10 _c20130109 _lUCH01 _h1337 |
||
| 650 | 1 | 4 |
_aCarne _xInspección. _919087 |
| 650 | 1 | 4 |
_aProductos pesqueros _xInspección. _992208 |
| 901 | _aBK | ||
| 942 | _cLIBRO | ||
| 949 |
_a614.31 H4 _bBC _cLIBRO _d33724000012019 _eLIBRO _h70584 _i78505 _si |
||
| 999 |
_c68059 _d68059 |
||